000
00245 a2200109 4500
003
Nust
005
20170207154232.0
040
_c
Nust
082
_a
371.33
245
_a
Under Cover Brothers (VHS-277)
440
_a
Under Cover Brothers (VHS-277)
538
_a
Duration Mins 120
999
_c
195962
_d
195962